| 000 | 00567nam a2200193Ia 4500 | ||
|---|---|---|---|
| 008 | 090123s9999 xx 000 0 und d | ||
| 082 | _b36132 | ||
| 100 | _aओशो | ||
| 245 | _aम्हणे कबीर दिवाणा | ||
| 250 | _a1 | ||
| 260 |
_bमेहता प्रकाशन _c2004 |
||
| 300 | _a153 | ||
| 600 | _aओशो | ||
| 630 | _aम्हणे कबीर दिवाणा | ||
| 700 | _aओशो | ||
| 700 | _aपांडे भारती | ||
| 730 | _aम्हणे कबीर दिवाणा | ||
| 942 | _cBOOK | ||
| 999 |
_c74200 _d74200 |
||